000 00298nam a2200121Ia 4500
008 210430s9999 xx 000 0 und d
020 _a0-312-10370-10370-0
082 _a327.58 M236C
100 _aHafeez Malik
_946512
245 _aCentral Asia
_cHafeez Malik
300 _a337
942 _cBK
_2ddc
999 _c565263
_d565263